LEADER 01362nam a2200337 i 4500 001 000000332535 003 CaOOAMICUS 005 20251107125327.0 008 190211s2018 it u000 u ita u 020 $a978-88-04-66450-5 040 $aSeMil$bita 041 1 $aita$alat 100 0 $aAugustinus, Aurelius,$c.$0(OLS)http://semarc/name/498 240 10$aSoliloquia animae ad Deum.$0(OLS)http://semarc/title/248532 245 10$aSoliloqui /$cSant'Agostino ; a cura di Manlio Simonetti. 264 1$a[Milano] :$bFondazione Lorenzo Valla :$bMondadori,$c2018. 300 $aXXXV, 167 p. ;$c21 cm. 490 1 $aScrittori greci e latini 546 $aTesto latino a fronte 700 1 $aSimonetti, Manlio,$d<1926-2017>.$0(OLS)http://semarc/name/89094 830 0$aScrittori greci e latini.$0(OLS)http://semarc/title/137 850 $aSeMil 852 $aSeMil$W1$xVenegono$y1$m1ZA A 74$j238489$B224358$CSeMilBibl$Z2$F224358 $81 900 1 $aAgostino : d'Ippona. 900 1 $aSant'Agostino. 996 $6020$a978-88-04-66450-5$9(OLS)http://semarc/number/286566 996 $6245$aSoliloqui$9(OLS)http://semarc/title/248533 996 $6264$a[Milano] :$bFondazione Lorenzo Valla :$bMondadori$9(OLS)http://semarc/publisher/58097 LEADER 01287nam a2200289 i 4500 001 000000073575 003 CaOOAMICUS 005 20110504000000.0 008 110504s2000 xx u000 u fre u 013 $a44747 020 $a2-503-50951-7 040 $aSeMil$bita 100 1 $aBompaire, Marc.$0(OLS)http://semarc/name/36359 245 10$aNumismatique médiévale :$bmonnaies et documents d'origine française /$cpar Marc Bompaire et Françoise Dumas. 260 $aTurnhout :$bBrepols,$ccopyr. 2000. 300 $a687 p. :$bill., tabelle ;$c24 cm. 490 0 $aL'atelier du médiéviste ;$v7 500 $aContiene : Annexes ; Index bibliographique. 650 4$aNumismatica - Medioevo.$0(OLS)http://semarc/subject/14909 700 1 $aDumas, Françoise.$0(OLS)http://semarc/name/36360 830 2$aL'atelier du médiéviste ;$v7.$0(OLS)http://semarc/title/265 850 $aSeMil 852 $aSeMil$W1$xVenegono$y1$m3WA IV 17$j39727$B39727$CSeMilBibl$Z2$F39731 $81 961 $aSottoscrizione: Casa editrice 996 $6020$a2-503-50951-7$9(OLS)http://semarc/number/53090 996 $6245$aNumismatique médiévale :$bmonnaies et documents d'origine française$9(OLS)http://semarc/title/118806 996 $6260$aTurnhout :$bBrepols$9(OLS)http://semarc/publisher/29626